All Panini America collections - Statistics

General Stats
  • This quiz has been taken 7 times
  • The average score is 7 of 94
Answer Stats
Answer % Correct
Prizm
83%
Donruss
67%
Optic
67%
Mosaic
50%
Select
50%
Absolute
33%
Chronicles
33%
Immaculate
33%
Phoenix
33%
Prestige
33%
Black
17%
Elite
17%
Impeccable
17%
National Treasures
17%
Obsidian
17%
One
17%
Photogenic
17%
Playbook
17%
Score
17%
Spectra
17%
Aficionado
0%
Americana
0%
America’s Pastime
0%
Black Gold
0%
Certificated
0%
Certified Cuts
0%
Classics
0%
Clear Vision
0%
Complete
0%
Contenders
0%
Coopertown
0%
Cornestones
0%
Crown Royale
0%
Crusade
0%
Diamond Kings
0%
Dominion
0%
Dynagon
0%
Elements
0%
Encased
0%
Essentials
0%
Eternal
0%
Excalibur
0%
Flux
0%
Frawless
0%
Gala
0%
Golden Age
0%
Gold Standard
0%
Grand Reserve
0%
Gridiron Kings
0%
Gridiron Kings
0%
Honors
0%
Honors
0%
Hoops
0%
Ilussions
0%
Infinity
0%
Instant
0%
Legacy
0%
Limited
0%
Luminance
0%
Luxe
0%
Magnitude
0%
Majestic
0%
Marquee
0%
Nobility
0%
Noir
0%
Origins
0%
Panini
0%
Pantheon
0%
Pinnacle
0%
Pinnacle
0%
Plates & Patches
0%
Playoff
0%
Preferred
0%
Prime
0%
Prime Cuts
0%
Prime Signatures
0%
Recon
0%
Replay
0%
Revolution
0%
Rookie Anthology
0%
Rookies & Stars
0%
Signature Series
0%
Studio
0%
Threads
0%
Timeless Treasure
0%
Titanium
0%
Torque
0%
Totally Certified
0%
Unparalleled
0%
Vertex
0%
Victory Lane
0%
Voices of the Ring
0%
XR
0%
Zenith
0%
No matching quizzes found
Score Distribution
Percent of People with Each Score
Percentile by Number Answered
Your Score History
You have not taken this quiz